Digital logic & design (Record no. 5707)

MARC details
000 -LEADER
fixed length control field 00441nam a2200169Ia 4500
003 - CONTROL NUMBER IDENTIFIER
control field SGT
020 ## - INTERNATIONAL STANDARD BOOK NUMBER
International Standard Book Number 9789350140666
082 ## - DEWEY DECIMAL CLASSIFICATION NUMBER
Classification number 321.395
Item number MAN
100 ## - MAIN ENTRY--PERSONAL NAME
Personal name Manbas,Pratima
245 ## - TITLE STATEMENT
Title Digital logic & design
260 ## - PUBLICATION, DISTRIBUTION, ETC. (IMPRINT)
Name of publisher, distributor, etc S.K. Kataria & SONS
Place of publication, distribution, etc N.Delhi
Year of Publication 2010
300 ## - PAGE DESCRIPTION
No. of Pages 615p.
650 ## - SUBJECT ADDED ENTRY--TOPICAL TERM
Topical term or geographic name as entry element ELECTRONICS ENGINEERING
653 ## - KEYWORDS--INDEX TERM
Keyword term FUNDAMENTAL OF DIGITAL TECHNIQUES, LOGIC SIMPLIFICATION
700 ## - ADDED ENTRY--PERSONAL NAME
Personal name Thakral,Shaveta
942 ## - ADDED ENTRY ELEMENTS (KOHA)
Source of classification or shelving scheme Dewey Decimal Classification
Koha item type Books
Holdings
Withdrawn status Lost status Source of classification or shelving scheme Damaged status Use restrictions Not for loan Collection code Home library Current library Shelving location Date acquired SGTU Full call number Accession No. (Barcode) Date last seen Bill Date Koha item type
    Dewey Decimal Classification   Restricted Access Not For Loan ENGINEERING SGT Engineering Library SGT Engineering Library Reference Book 05/08/2014 SGTU 321.395 MAN FE6319 09/02/2015 09/02/2015 Books